TEXT BOOK OF ANATOMY (Record no. 8265)

MARC details
000 -LEADER
fixed length control field 00317nam a22001577a 4500
003 - CONTROL NUMBER IDENTIFIER
control field SGT
082 ## - DEWEY DECIMAL CLASSIFICATION NUMBER
Classification number 611
Item number T14S
100 ## - MAIN ENTRY--PERSONAL NAME
Personal name SINGH, VISHRAM
245 ## - TITLE STATEMENT
Title TEXT BOOK OF ANATOMY
250 ## - EDITION STATEMENT
Edition statement 2ND
260 ## - PUBLICATION, DISTRIBUTION, ETC. (IMPRINT)
Place of publication, distribution, etc DELHI
Name of publisher, distributor, etc ELSEVIER
Year of Publication 2014
300 ## - PAGE DESCRIPTION
No. of Pages 330
650 ## - SUBJECT ADDED ENTRY--TOPICAL TERM
Topical term or geographic name as entry element ANATOMY
653 ## - KEYWORDS--INDEX TERM
Keyword term ANATOMY
942 ## - ADDED ENTRY ELEMENTS (KOHA)
Source of classification or shelving scheme Dewey Decimal Classification
Koha item type Books
942 ## - ADDED ENTRY ELEMENTS (KOHA)
-- 37
Holdings
Withdrawn status Lost status Source of classification or shelving scheme Damaged status Not for loan Collection code Home library Current library Shelving location Date acquired Vendor Name Cost, normal purchase price Volume Information (Serial or Books or Non-Book Material) SGTU Bill Number Total Checkouts Full call number Accession No. (Barcode) Date last seen Date last borrowed Bill Date Koha item type
    Dewey Decimal Classification     AYURVEDA SGT FA-FP Library SGT FA-FP Library Text Book 01/03/2016 AHUJA 625.00 1 SGTU 6404 19 611 T14S FA2682 19/12/2025 03/12/2025 22/12/2015 Books
    Dewey Decimal Classification     AYURVEDA SGT FA-FP Library SGT FA-FP Library Text Book 01/03/2016 AHUJA 625.00 1 SGTU 6404 23 611 T14S FA2683 15/06/2023 01/06/2023 22/12/2015 Books
    Dewey Decimal Classification     AYURVEDA SGT FA-FP Library SGT FA-FP Library Text Book 01/03/2016 AHUJA 625.00 1 SGTU 6404 1 611 T14S FA2684 13/04/2018 26/03/2018 22/12/2015 Books
    Dewey Decimal Classification     AYURVEDA SGT FA-FP Library SGT FA-FP Library Text Book 01/03/2016 AHUJA 625.00 1 SGTU 6404   611 T14S FA2685 01/03/2016   22/12/2015 Books
    Dewey Decimal Classification     AYURVEDA SGT FA-FP Library SGT FA-FP Library Text Book 01/03/2016 AHUJA 625.00 1 SGTU 6404 2 611 T14S FA2686 20/02/2018 15/02/2018 22/12/2015 Books
    Dewey Decimal Classification     AYURVEDA SGT FA-FP Library SGT FA-FP Library Text Book 01/03/2016 AHUJA 625.00 1 SGTU 6404 17 611 T14S FA2687 17/12/2025 04/12/2025 22/12/2015 Books
    Dewey Decimal Classification     AYURVEDA SGT FA-FP Library SGT FA-FP Library Text Book 01/03/2016 AHUJA 625.00 1 SGTU 6404 17 611 T14S FA2688 08/12/2025 02/12/2025 22/12/2015 Books
    Dewey Decimal Classification     AYURVEDA SGT FA-FP Library SGT FA-FP Library Text Book 01/03/2016 AHUJA 625.00 1 SGTU 6404 15 611 T14S FA2689 04/09/2023 16/08/2023 22/12/2015 Books
    Dewey Decimal Classification     AYURVEDA SGT FA-FP Library SGT FA-FP Library Text Book 01/03/2016 AHUJA 625.00 1 SGTU 6404 14 611 T14S FA2690 07/08/2023 07/08/2023 22/12/2015 Books
    Dewey Decimal Classification     AYURVEDA SGT FA-FP Library SGT FA-FP Library Text Book 01/03/2016 AHUJA 625.00 1 SGTU 6404 11 611 T14S FA2691 07/01/2026 18/12/2025 22/12/2015 Books